000 00252nam a2200097Ia 4500
008 240331s9999 xx 000 0 und d
082 _bNEA
100 _aNead, L
245 0 _aMyths of sexuality :
_brepresentations of women in victorian Britain
942 _cL
999 _c1856
_d1856